[Event "5th American Continental"]
[Site "Sao Paulo BRA"]
[Date "2009.07.27"]
[Round "4.117"]
[White "Sousa, Matheus Mazim de"]
[Black "Camara, Jose Arruda"]
[Result "0-1"]
[WhiteElo "1817"]
[BlackElo "1975"]
[EventDate "2009.07.25"]
[PlyCount "50"]

1.d4 Nf6 2.Nf3 d5 3.e3 g6 4.Be2 Bg7 5.O-O O-O 6.b3 Nbd7 7.Bb2 Ne4 8.Nbd2 
Ndf6 9.c4 c6 10.h3 Qa5 11.Qc2 Bf5 12.Nxe4 Bxe4 13.Qd2 Qc7 14.cxd5 Bxd5 15.
Nh2 Rad8 16.Rfd1 Ne4 17.Qc2 Nxf2 18.Kxf2 Qxh2 19.Bf3 Bxf3 20.Kxf3 Rd6 21.
Rd2 Rf6+ 22.Ke4 Qg3 23.Ba3 Re6+ 24.Kd3 Rxe3+ 25.Kc4 b5+ 0-1

[Event "5th American Continental"]
[Site "Sao Paulo BRA"]
[Date "2009.07.27"]
[Round "4.118"]
[White "Baptista, Igor Lucas"]
[Black "Marques, Joao Paulo Cassemiro"]
[Result "0-1"]
[WhiteElo "1969"]
[BlackElo "1593"]
[EventDate "2009.07.25"]
[PlyCount "114"]

1.e4 e5 2.Nc3 Nf6 3.f4 d5 4.fxe5 Nxe4 5.Nf3 Bc5 6.d4 Bb4 7.Bd2 Bg4 8.Nxe4 
dxe4 9.Bxb4 exf3 10.gxf3 Qh4+ 11.Ke2 Nc6 12.c3 Bh5 13.Qd3 O-O-O 14.Qf5+ 
Kb8 15.Rd1 g6 16.Qf6 Qxf6 17.exf6 Nxb4 18.cxb4 Rd6 19.Rd3 Re8+ 20.Kf2 Rxf6
21.Bh3 g5 22.Rg1 h6 23.Rc3 Rd6 24.Rgc1 Re7 25.Rd1 f6 26.b5 Be8 27.a4 Bd7 
28.Bf1 c6 29.Rc5 b6 30.Rc3 c5 31.Rcd3 Bf5 32.R3d2 cxd4 33.Rxd4 Rxd4 34.
Rxd4 Rd7 35.Rxd7 Bxd7 36.Ke3 Kc7 37.Kd4 Kd6 38.Bd3 Be6 39.Bc2 Bd5 40.Bd1 
Bb7 41.b3 Ke6 42.Be2 Kf5 43.Ke3 Ke5 44.Bd1 f5 45.Be2 Bd5 46.Bd1 Be6 47.Kd3
f4 48.Kc3 h5 49.Kd3 Bf5+ 50.Kc3 g4 51.fxg4 hxg4 52.Kd2 Kd4 53.Be2 g3 54.
hxg3 fxg3 55.Bf3 Be4 56.Bxe4 Kxe4 57.Ke2 Kd4 0-1

[Event "5th American Continental"]
[Site "Sao Paulo BRA"]
[Date "2009.07.27"]
[Round "4.124"]
[White "Japiassu, Ricardo de Vila Nova"]
[Black "Carvalho, Felipe Lobo"]
[Result "1/2-1/2"]
[WhiteElo "1867"]
[BlackElo "2141"]
[EventDate "2009.07.25"]
[PlyCount "46"]

1.d4 Nf6 2.Bf4 g6 3.e3 Bg7 4.Nf3 O-O 5.Be2 d6 6.h3 Nfd7 7.O-O e5 8.Bh2 Nc6
9.c4 e4 10.Nfd2 f5 11.Nc3 Kh8 12.Rc1 Nf6 13.Nb3 g5 14.d5 Ne5 15.Qd2 h5 16.
c5 a6 17.Na4 Rg8 18.cxd6 cxd6 19.Qa5 g4 20.Qxd8 Rxd8 21.Nb6 Rb8 22.Rfd1 
gxh3 23.gxh3 Nfd7 1/2-1/2

[Event "5th American Continental"]
[Site "Sao Paulo BRA"]
[Date "2009.07.27"]
[Round "4.125"]
[White "Neto, Joao Batista Aragao"]
[Black "Delai, Paula Fernanda"]
[Result "0-1"]
[WhiteElo "1859"]
[BlackElo "2042"]
[EventDate "2009.07.25"]
[PlyCount "34"]

1.e4 c5 2.f4 Nc6 3.Nc3 g6 4.Nf3 Bg7 5.Be2 Nd4 6.Bc4 e6 7.O-O Ne7 8.d3 d5 
9.Bb5+ Nxb5 10.Nxb5 a6 11.Nc3 O-O 12.e5 b5 13.a3 Bb7 14.g4 f5 15.Ng5 d4 
16.Ne2 Qd5 17.Kf2 h6 0-1

[Event "5th American Continental"]
[Site "Sao Paulo BRA"]
[Date "2009.07.27"]
[Round "4.126"]
[White "Costa, Francisco Carlos da Cruz"]
[Black "Braga, Marcelo Melem"]
[Result "1-0"]
[WhiteElo "2019"]
[BlackElo "1769"]
[EventDate "2009.07.25"]
[PlyCount "91"]

1.d4 d5 2.c4 e6 3.Nc3 Bb4 4.e3 c5 5.cxd5 Qxd5 6.Bd2 Bxc3 7.bxc3 c4 8.Qa4+ 
b5 9.Qa3 Nf6 10.f3 Nc6 11.e4 Qd7 12.Qc5 a6 13.Bf4 Bb7 14.Rd1 Rd8 15.a3 Qe7
16.Qb6 O-O 17.Bc7 Rd7 18.Qxb7 Rxc7 19.Qxa6 Rb8 20.Rb1 Qd7 21.Rxb5 Ra7 22.
Rxb8+ Nxb8 23.Qxc4 Rxa3 24.Ne2 Ra1+ 25.Kf2 g5 26.Qb4 Qa7 27.Qb5 h6 28.Qe5 
Nfd7 29.Qg3 Qa2 30.f4 Qd2 31.fxg5 hxg5 32.Qe3 Qxe3+ 33.Kxe3 Nb6 34.Ng3 
N8d7 35.Bb5 Ra3 36.Bxd7 Nxd7 37.Kd3 Nb6 38.Rb1 Na4 39.Ne2 Ra2 40.Rb8+ Kg7 
41.e5 Nb2+ 42.Ke3 Nc4+ 43.Kf2 Nd2 44.Ng3 Ne4+ 45.Kf3 Nxc3 46.Nh5+ 1-0

[Event "5th American Continental"]
[Site "Sao Paulo BRA"]
[Date "2009.07.27"]
[Round "4.128"]
[White "Ferreira, Jonas de Vargas"]
[Black "Aoyama, Edmundo"]
[Result "0-1"]
[WhiteElo "1771"]
[BlackElo "1963"]
[EventDate "2009.07.25"]
[PlyCount "104"]

1.e4 d6 2.d4 Nf6 3.Nc3 g6 4.Be3 c6 5.Qd2 Nbd7 6.Nf3 b5 7.Bd3 a6 8.O-O Bg7 
9.Rad1 O-O 10.h3 Qc7 11.a3 Bb7 12.Rfe1 c5 13.dxc5 Nxc5 14.Bh6 Rac8 15.Rc1 
Rfd8 16.Bxg7 Kxg7 17.Qe3 Ne6 18.Nd4 Nxd4 19.Qxd4 Qc5 20.Qxc5 Rxc5 21.Rcd1 
Rdc8 22.Re2 Nd7 23.Nd5 Kf8 24.Nc3 Ne5 25.f4 Nc4 26.Bxc4 Rxc4 27.g3 b4 28.
axb4 Rxb4 29.Rdd2 Rxb2 30.Nd1 Rb4 31.Nf2 a5 32.e5 d5 33.Nd3 Rb1+ 34.Kf2 a4
35.Re1 Rxe1 36.Nxe1 Rc3 37.Rd3 Rxd3 38.Nxd3 Ba6 39.Nb4 a3 40.c3 Bc4 41.Ke3
Ke8 42.Kd2 Kd7 43.Kc1 Ke6 44.g4 g5 45.fxg5 Kxe5 46.Nc6+ Kd6 47.Nd8 f6 48.
Nf7+ Ke6 49.Nd8+ Kd7 50.gxf6 exf6 51.Nf7 d4 52.g5 Bxf7 0-1

[Event "5th American Continental"]
[Site "Sao Paulo BRA"]
[Date "2009.07.27"]
[Round "4.129"]
[White "Haman, Muhammad"]
[Black "Figueiredo, Rodrigo Fraga Leandro"]
[Result "1-0"]
[WhiteElo "1950"]
[BlackElo "1709"]
[EventDate "2009.07.25"]
[PlyCount "31"]

1.e4 e6 2.d4 d5 3.Nc3 Nf6 4.e5 Nfd7 5.Nf3 Be7 6.Bd3 a6 7.Ne2 c5 8.c3 Nc6 
9.O-O cxd4 10.cxd4 O-O 11.Bd2 f6 12.Nf4 Nb6 13.Qe2 fxe5 14.Nxe5 Nxd4 15.
Bxh7+ Kxh7 16.Qh5+ 1-0

[Event "5th American Continental"]
[Site "Sao Paulo BRA"]
[Date "2009.07.28"]
[Round "5.1"]
[White "Fier, Alexandr"]
[Black "Iturrizaga Bonelli, Eduardo"]
[Result "1-0"]
[WhiteElo "2604"]
[BlackElo "2555"]
[EventDate "2009.07.25"]
[PlyCount "113"]

1.d4 Nf6 2.c4 e6 3.Nc3 Bb4 4.Qc2 O-O 5.e4 d6 6.Bd3 Nc6 7.Ne2 e5 8.d5 Nd4 
9.Nxd4 exd4 10.a3 Ba5 11.b4 dxc3 12.bxa5 Ng4 13.Qxc3 f5 14.f3 fxe4 15.Bxe4
Qh4+ 16.g3 Qh3 17.Bb2 Rf7 18.Qd4 Nf6 19.O-O-O Nxe4 20.fxe4 Qg2 21.Rhg1 
Qxh2 22.Rgf1 Qh6+ 23.Kb1 Rxf1 24.Rxf1 Qg6 25.Ka2 Bh3 26.Re1 Qg4 27.c5 a6 
28.Qb4 Qxg3 29.cxd6 Qxd6 30.Qxb7 Rf8 31.Rg1 g6 32.Qb3 Bc8 33.Qc3 Kf7 34.
Rh1 h5 35.Rf1+ Ke8 36.Rxf8+ Qxf8 37.Qxc7 Bd7 38.Qb6 Qf1 39.Qxg6+ Kd8 40.
Qb6+ Kc8 41.Qc5+ Kb7 42.e5 Bb5 43.Kb3 Qd1+ 44.Kb4 Qa4+ 45.Kc3 Qxa5+ 46.Qb4
Qc7+ 47.Kb3 Qh7 48.a4 Qd3+ 49.Ka2 Qxd5+ 50.Ka3 Qd3+ 51.Bc3 Kc6 52.axb5+ 
axb5 53.Qa5 Kb7 54.Qb4 Kc6 55.Qb3 Qc4 56.Qxc4+ bxc4 57.Bd2 1-0

[Event "5th American Continental"]
[Site "Sao Paulo BRA"]
[Date "2009.07.28"]
[Round "5.4"]
[White "Milos, Gilberto"]
[Black "Friedel, Joshua"]
[Result "1-0"]
[WhiteElo "2589"]
[BlackElo "2547"]
[EventDate "2009.07.25"]
[PlyCount "73"]

1.d4 Nf6 2.c4 e6 3.Nc3 Bb4 4.e3 O-O 5.Ne2 d5 6.a3 Be7 7.cxd5 exd5 8.g3 c6 
9.Bg2 Bf5 10.O-O Nbd7 11.f3 Nb6 12.e4 dxe4 13.fxe4 Be6 14.Kh1 Qc8 15.Nf4 
Rd8 16.Be3 Bg4 17.Qb3 g5 18.e5 Nfd5 19.Nfxd5 Nxd5 20.Nxd5 cxd5 21.Bxd5 
Rxd5 22.Qxd5 Be6 23.Qe4 Qc4 24.Rac1 Qb3 25.Kg1 Bd5 26.Qg4 Bc6 27.Qe2 Rc8 
28.Qd2 Rd8 29.Rxc6 bxc6 30.Bxg5 Qe6 31.Qf4 c5 32.dxc5 Bxc5+ 33.Kg2 Rd3 34.
Qe4 Rb3 35.Bc1 Qd7 36.Re1 Qc7 37.e6 1-0

[Event "5th American Continental"]
[Site "Sao Paulo BRA"]
[Date "2009.07.28"]
[Round "5.10"]
[White "Matsuura, Everaldo"]
[Black "Felgaer, Ruben"]
[Result "0-1"]
[WhiteElo "2491"]
[BlackElo "2564"]
[EventDate "2009.07.25"]
[PlyCount "74"]

1.e4 c5 2.Nf3 e6 3.c3 Nf6 4.e5 Nd5 5.d4 cxd4 6.cxd4 d6 7.Bc4 Nb6 8.Bb3 
dxe5 9.Nxe5 Nc6 10.Nf3 Be7 11.Nc3 Bf6 12.Be3 Na5 13.Bc2 Nac4 14.Qe2 Bd7 
15.Bd3 Rc8 16.O-O O-O 17.Ne4 Be7 18.Ne5 Nxe5 19.dxe5 Nd5 20.Bd2 Qc7 21.Ng5
Bxg5 22.Bxg5 Nb4 23.Be7 Nxd3 24.Bxf8 Nxe5 25.Bb4 Ng6 26.Qe3 Bc6 27.Rfd1 a6
28.Rac1 h6 29.a3 Re8 30.f3 e5 31.Rd6 Qc8 32.Rcd1 Kh7 33.Ba5 Qf5 34.Rd8 Re6
35.Bc7 Nf4 36.R1d6 Qg5 37.Qd2 Bxf3 0-1

[Event "5th American Continental"]
[Site "Sao Paulo BRA"]
[Date "2009.07.28"]
[Round "5.16"]
[White "Soto Vega, Jorge"]
[Black "Leon Hoyos, Manuel"]
[Result "1/2-1/2"]
[WhiteElo "2341"]
[BlackElo "2525"]
[EventDate "2009.07.25"]
[PlyCount "141"]

1.e4 c5 2.Nf3 g6 3.Bc4 Bg7 4.O-O d6 5.Re1 Nf6 6.e5 dxe5 7.Nxe5 O-O 8.Nc3 
Nbd7 9.Nf3 Nb6 10.Bf1 Nbd5 11.Nxd5 Nxd5 12.d4 cxd4 13.Nxd4 e5 14.Nf3 e4 
15.Rxe4 Bf5 16.Rd4 Bxd4 17.Qxd4 Nb6 18.Bh6 Qxd4 19.Nxd4 Rfe8 20.Nxf5 gxf5 
21.Bd3 Re6 22.Bd2 Rd8 23.a4 Nd5 24.Bxf5 Re2 25.Ba5 b6 26.Bd3 Re5 27.Bd2 a5
28.Kf1 Nb4 29.Bxb4 axb4 30.b3 Kg7 31.g3 Rd4 32.Re1 Rxe1+ 33.Kxe1 h6 34.Ke2
Kf6 35.Ke3 Ke5 36.f4+ Kd5 37.g4 Kc5 38.h4 f6 39.Bc4 Rd1 40.g5 hxg5 41.hxg5
fxg5 42.fxg5 Kd6 43.Kf4 Ke7 44.Kf5 Rd6 45.Bd3 Kf7 46.Ke5 Rd8 47.Bf5 Kg7 
48.Bd3 Kf7 49.Bf5 Kg7 50.Ke6 Rf8 51.Bd3 Rd8 52.Be4 Rd4 53.Bf5 Rd8 54.Bd3 
Rd4 55.Bc4 Kg6 56.Bd5 Kxg5 57.Kd6 Kf6 58.Kc6 Ke5 59.Bc4 Rd6+ 60.Kb5 Rh6 
61.Kxb4 Kd6 62.Kb5 Kc7 63.Bd5 Rh3 64.a5 bxa5 65.Kxa5 Kd6 66.Be4 Rh4 67.Bd3
Kc5 68.Bg6 Rb4 69.Bd3 Rf4 70.Bg6 Rg4 71.Bd3 1/2-1/2

[Event "5th American Continental"]
[Site "Sao Paulo BRA"]
[Date "2009.07.28"]
[Round "5.17"]
[White "Macias Murillo, Bryan"]
[Black "Diamant, Andre"]
[Result "0-1"]
[WhiteElo "2335"]
[BlackElo "2520"]
[EventDate "2009.07.25"]
[PlyCount "78"]

1.d4 Nf6 2.c4 e6 3.Nc3 Bb4 4.e3 O-O 5.Bd3 c5 6.Nf3 cxd4 7.exd4 d5 8.O-O 
dxc4 9.Bxc4 Bxc3 10.bxc3 Qc7 11.Qd3 Nbd7 12.Bb3 b6 13.Bg5 Bb7 14.Bh4 Rac8 
15.Rac1 Be4 16.Qe3 Qb7 17.Ne1 b5 18.f3 Bg6 19.Nd3 Nd5 20.Qd2 a5 21.c4 bxc4
22.Bxc4 N5b6 23.Nb2 Qa8 24.Rfd1 a4 25.a3 Nxc4 26.Nxc4 Qd5 27.Qb4 Ra8 28.
Bg3 Rfc8 29.h3 h6 30.Kh2 Qg5 31.Qd6 Nf6 32.Nb6 Rxc1 33.Rxc1 Qxc1 34.Nxa8 
Nd5 35.Qc5 Qd2 36.Kg1 Qd1+ 37.Kf2 Bd3 38.Be5 Qd2+ 39.Kg3 Bf1 0-1

[Event "5th American Continental"]
[Site "Sao Paulo BRA"]
[Date "2009.07.28"]
[Round "5.18"]
[White "Romero Pino, Claudio"]
[Black "Barrientos Chavarriaga, Sergio"]
[Result "0-1"]
[WhiteElo "2299"]
[BlackElo "2474"]
[EventDate "2009.07.25"]
[PlyCount "54"]

1.d4 Nf6 2.c4 c5 3.d5 e6 4.Nc3 exd5 5.cxd5 d6 6.e4 g6 7.Bf4 a6 8.a4 Bg7 9.
Be2 O-O 10.Nf3 Nh5 11.Be3 Nd7 12.Nd2 Nhf6 13.Nc4 Nb6 14.Na3 Re8 15.Qc2 
Nxe4 16.Nxe4 Bf5 17.f3 Nxd5 18.Bf2 Nf4 19.g4 Bxe4 20.fxe4 d5 21.O-O-O Qg5 
22.Be3 Rxe4 23.Bxf4 Qxf4+ 24.Qd2 Qe5 25.Bf3 Rb4 26.Rhe1 Qf6 27.Qc3 Qb6 0-1

[Event "5th American Continental"]
[Site "Sao Paulo BRA"]
[Date "2009.07.28"]
[Round "5.19"]
[White "Bhat, Vinay"]
[Black "Castano Duvan, Martin"]
[Result "1-0"]
[WhiteElo "2473"]
[BlackElo "2337"]
[EventDate "2009.07.25"]
[PlyCount "89"]

1.d4 Nf6 2.c4 g6 3.Nc3 Bg7 4.e4 d6 5.Nf3 O-O 6.Be2 Na6 7.O-O e5 8.Be3 c6 
9.d5 c5 10.Ne1 Ne8 11.Rb1 f5 12.f3 Nf6 13.Nd3 Nb4 14.a3 Nxd3 15.Bxd3 fxe4 
16.Nxe4 Nxe4 17.fxe4 Rxf1+ 18.Qxf1 a5 19.b4 axb4 20.axb4 b6 21.Ra1 Bd7 22.
b5 Rxa1 23.Qxa1 Bf6 24.Qa7 Bg5 25.Bf2 Bd2 26.Qa2 Bc3 27.Be2 Bd4 28.Qa7 h5 
29.h3 Kg7 30.Bf3 Kh6 31.Kf1 g5 32.Bxd4 exd4 33.Ke1 g4 34.hxg4 hxg4 35.Be2 
g3 36.Kd1 Kg5 37.Qa3 Kh4 38.Qf3 Qg5 39.Qf1 Qe5 40.Qf8 Kg5 41.Qd8+ Kf4 42.
Qxd7 Ke3 43.Qg4 Kf2 44.Qf5+ Kxg2 45.Qf1+ 1-0

[Event "5th American Continental"]
[Site "Sao Paulo BRA"]
[Date "2009.07.28"]
[Round "5.20"]
[White "Zambrana, Oswaldo"]
[Black "Nogueira, Ivan Kuhlmann"]
[Result "0-1"]
[WhiteElo "2473"]
[BlackElo "2335"]
[EventDate "2009.07.25"]
[PlyCount "114"]

1.e4 e5 2.Nf3 d5 3.Nxe5 Bd6 4.d4 dxe4 5.Bc4 Bxe5 6.Qh5 Qe7 7.Qxe5 Qxe5 8.
dxe5 Nc6 9.Bd5 Nxe5 10.Bf4 Nf6 11.Bb3 Nc6 12.Bxc7 Nd4 13.Be5 Nxb3 14.axb3 
Nd5 15.Bxg7 Rg8 16.Bd4 Rxg2 17.Ra5 Be6 18.Nc3 Nxc3 19.bxc3 f5 20.Rxa7 Rxa7
21.Bxa7 f4 22.h4 e3 23.Rf1 Bg4 24.fxe3 Re2+ 25.Kd1 f3 26.e4 f2 27.Bxf2 
Rxf2+ 28.Ke1 Rxc2 29.Rf6 Rxc3 30.Rb6 Rc7 31.Kf2 Rf7+ 32.Ke3 h5 33.b4 Kd8 
34.e5 Kc7 35.Rh6 Rf3+ 36.Kd4 b6 37.b5 Rb3 38.Kc4 Rb1 39.Rh7+ Kc8 40.Kd5 
Rxb5+ 41.Kd6 Rb1 42.e6 Rd1+ 43.Kc6 Kd8 44.Kxb6 Rd6+ 45.Kc5 Rxe6 46.Kd5 Re1
47.Kd6 Ke8 48.Ra7 Re6+ 49.Kd5 Re7 50.Ra6 Kf7 51.Rh6 Re8 52.Kd4 Re6 53.Rh8 
Kg6 54.Rf8 Rf6 55.Re8 Kf5 56.Re4 Bf3 57.Re5+ Kf4 0-1

[Event "5th American Continental"]
[Site "Sao Paulo BRA"]
[Date "2009.07.28"]
[Round "5.21"]
[White "Bittencourt, Jorge"]
[Black "Oliveira, Jefferson dos Santos"]
[Result "1-0"]
[WhiteElo "2471"]
[BlackElo "2274"]
[EventDate "2009.07.25"]
[PlyCount "127"]

1.e4 c5 2.Nf3 d6 3.d4 cxd4 4.Nxd4 Nf6 5.Nc3 a6 6.Be3 e6 7.f3 b5 8.Qd2 Bb7 
9.g4 Nfd7 10.O-O-O Nb6 11.Qf2 N8d7 12.Bd3 Rc8 13.Nce2 Qc7 14.Kb1 Be7 15.g5
Nc5 16.Ng3 d5 17.e5 Nc4 18.Bxc4 dxc4 19.Nh5 O-O 20.Nf6+ Bxf6 21.gxf6 Qxe5 
22.fxg7 Rfd8 23.Rhe1 Rd5 24.Ne2 Nd7 25.f4 Qh5 26.Rxd5 Bxd5 27.Ng3 Qf3 28.
Qd2 Nf6 29.Bd4 Ne4 30.Nxe4 Bxe4 31.Be5 Bc6 32.Rd1 Qd5 33.Qe2 Qc5 34.a3 Qe7
35.Qf2 Bd5 36.Qb6 Qc5 37.Qxc5 Rxc5 38.Kc1 Rc8 39.Kd2 Bf3 40.Rf1 Be4 41.Kc3
a5 42.Rd1 b4+ 43.axb4 axb4+ 44.Kxb4 Bxc2 45.Rd4 Bd3 46.Kc3 Be2 47.Re4 Bf1 
48.Re1 Bg2 49.Ra1 h6 50.Ra7 Bd5 51.Kd4 h5 52.Ra3 Kh7 53.Rh3 Kh6 54.Rg3 Rg8
55.Rg5 f5 56.h3 h4 57.Bf6 Bf3 58.Kxc4 Be2+ 59.Kd4 Bf1 60.Rg1 Bxh3 61.Rh1 
Kg6 62.Be5 Bg4 63.Rxh4 Kf7 64.Rh8 1-0

[Event "5th American Continental"]
[Site "Sao Paulo BRA"]
[Date "2009.07.28"]
[Round "5.22"]
[White "El Debs, Felipe De Cresce"]
[Black "Bueno Junior, Alfeu Varela"]
[Result "1-0"]
[WhiteElo "2467"]
[BlackElo "2262"]
[EventDate "2009.07.25"]
[PlyCount "157"]

1.Nf3 e6 2.c4 f5 3.g3 b6 4.Bg2 Bb7 5.O-O Nf6 6.d4 c6 7.Qc2 Ne4 8.Nbd2 d5 
9.Nxe4 dxe4 10.Ng5 Qf6 11.Be3 Nd7 12.f3 h6 13.Nh3 exf3 14.exf3 Bd6 15.f4 
O-O 16.Nf2 Rab8 17.c5 Bc7 18.Rad1 Qe7 19.Qa4 a6 20.Nd3 b5 21.Qb3 Nf6 22.
Rfe1 Rbd8 23.Re2 Qd7 24.Bf2 Rfe8 25.Ne5 Bxe5 26.Rxe5 Nd5 27.Be1 Qc7 28.Qa3
Qf7 29.Ba5 Rd7 30.Bf3 g6 31.Qd3 Kg7 32.Rde1 Kf8 33.Qe2 Rde7 34.Qg2 Bc8 35.
Qh3 Kg7 36.Qh4 Rd7 37.a3 Bb7 38.R1e2 Bc8 39.Kf2 Bb7 40.Ke1 Nf6 41.Rd2 Nd5 
42.Kd1 Qf6 43.Qh3 Bc8 44.Kc1 Qf7 45.Rde2 Bb7 46.Qf1 Kf8 47.Qe1 Rde7 48.Kb1
Nf6 49.h3 Nd5 50.Rf2 Rd7 51.Rfe2 Rde7 52.Ka1 Bc8 53.Qd2 Kg7 54.Rf2 Rd7 55.
Bg2 Rf8 56.g4 Re7 57.gxf5 gxf5 58.Rfe2 Rfe8 59.Bf3 Kh7 60.Qc1 Rg8 61.Bxd5 
cxd5 62.c6 Qh5 63.R5e3 Qh4 64.Bb4 Reg7 65.Bd6 Rg1 66.Re1 Qf2 67.Be5 R8g2 
68.Ka2 Rxe1 69.Rxe1 a5 70.Qc3 b4 71.axb4 Ba6 72.b5 Bxb5 73.c7 Bc4+ 74.Kb1 
Ba6 75.Rc1 Bd3+ 76.Ka1 Ba6 77.Qa3 Bc8 78.Qe7+ Kg6 79.Qe8+ 1-0

[Event "5th American Continental"]
[Site "Sao Paulo BRA"]
[Date "2009.07.28"]
[Round "5.24"]
[White "Barbosa, Evandro Amorim"]
[Black "Di Berardino, Diego Rafael"]
[Result "0-1"]
[WhiteElo "2279"]
[BlackElo "2453"]
[EventDate "2009.07.25"]
[PlyCount "60"]

1.e4 d6 2.d4 Nf6 3.Nc3 e5 4.dxe5 dxe5 5.Qxd8+ Kxd8 6.Bc4 Ke8 7.Nf3 Bd6 8.
O-O Nbd7 9.Re1 a6 10.Nd5 b5 11.Nxf6+ Nxf6 12.Bd3 Ke7 13.a4 Bd7 14.Bd2 Bc6 
15.c4 bxc4 16.Bc2 a5 17.Bc3 Nd7 18.Nd2 Nb6 19.Rec1 Rhd8 20.Nf1 f6 21.Ne3 
Bc5 22.Nf5+ Kf8 23.Kf1 g6 24.Ng3 Bd4 25.Ne2 Rd6 26.Rd1 Bxc3 27.Nxc3 Rad8 
28.f3 Nd7 29.Ke2 Nc5 30.Rac1 Nd3 0-1

[Event "5th American Continental"]
[Site "Sao Paulo BRA"]
[Date "2009.07.28"]
[Round "5.25"]
[White "Espinoza Palomino, Willyam"]
[Black "Perez Garcia, Rodney Oscar"]
[Result "0-1"]
[WhiteElo "2272"]
[BlackElo "2446"]
[EventDate "2009.07.25"]
[PlyCount "146"]

1.e4 g6 2.d4 Bg7 3.Nc3 c6 4.Bc4 d6 5.Be3 Nf6 6.f3 d5 7.exd5 cxd5 8.Bd3 Nc6
9.Nge2 O-O 10.O-O Nb4 11.Bb5 Bd7 12.Qd2 Rc8 13.Bxd7 Qxd7 14.Nf4 Rfd8 15.
Rad1 Qc7 16.Rfe1 Nc6 17.Nd3 e6 18.Ne2 Nd7 19.c3 b5 20.Kh1 a5 21.Rc1 Qb7 
22.b3 Re8 23.Rc2 Ne7 24.Ng3 Rc6 25.Rec1 Nc8 26.Ne2 Ncb6 27.Nc5 Qb8 28.Qd3 
Nxc5 29.dxc5 Nd7 30.b4 Ne5 31.Qd1 Nc4 32.Bf2 Ra6 33.Nd4 axb4 34.cxb4 e5 
35.Nb3 Rd8 36.Qe1 Qa8 37.Qe2 Ra4 38.Be1 d4 39.Rxc4 d3 40.Qe4 bxc4 41.Qxc4 
Rxa2 42.c6 Bh6 43.c7 Rc8 44.Rd1 Rc2 45.Qxd3 R2xc7 46.Nc5 Bg7 47.h3 h6 48.
Bf2 Kh7 49.Kg1 Qa2 50.Rd2 Qa1+ 51.Rd1 Qb2 52.Rb1 Qa2 53.Qb3 Qxb3 54.Rxb3 
Bf8 55.Kf1 Rb8 56.Nd3 Rb5 57.Bg3 Bd6 58.Rb2 f6 59.Ke2 Kg7 60.Be1 f5 61.Ke3
Kf7 62.Ra2 e4 63.fxe4 Re7 64.e5 Bxe5 65.Kf3 Rd5 66.Nc5 Bd4 67.Bd2 g5 68.
Nb3 Bf6 69.Nc5 h5 70.Rc2 g4+ 71.hxg4 fxg4+ 72.Kf2 Bd4+ 73.Kg3 Bxc5 0-1

[Event "5th American Continental"]
[Site "Sao Paulo BRA"]
[Date "2009.07.28"]
[Round "5.26"]
[White "Pereira, Silvio Cunha"]
[Black "Perez, Federico"]
[Result "1-0"]
[WhiteElo "2261"]
[BlackElo "2435"]
[EventDate "2009.07.25"]
[PlyCount "75"]

1.e4 c5 2.Nf3 d6 3.d4 Nf6 4.Nc3 cxd4 5.Nxd4 a6 6.g3 e5 7.Nde2 Nbd7 8.Bg2 
b5 9.O-O Be7 10.h3 Bb7 11.Nd5 Nxd5 12.exd5 O-O 13.a4 Qc7 14.Re1 Rfe8 15.
axb5 axb5 16.Rxa8 Bxa8 17.Qd3 Qb7 18.b4 Rc8 19.Be3 Qa6 20.Nc3 Rc4 21.Rb1 
e4 22.Nxe4 Qa2 23.Nd2 Ne5 24.Qf1 Rc8 25.Qxb5 Rxc2 26.Qf1 Bf6 27.Rc1 Rxc1 
28.Qxc1 Qa6 29.Qc7 Ng6 30.b5 Qb7 31.b6 Qxc7 32.bxc7 Ne7 33.Nc4 Nc8 34.h4 
Kf8 35.Nxd6 Nxd6 36.Bc5 Be7 37.Bxd6 Bb7 38.Bxe7+ 1-0

[Event "5th American Continental"]
[Site "Sao Paulo BRA"]
[Date "2009.07.28"]
[Round "5.27"]
[White "Pinheiro, Iung Alicio de Oliveira"]
[Black "Cori Tello, Jorge"]
[Result "0-1"]
[WhiteElo "2257"]
[BlackElo "2424"]
[EventDate "2009.07.25"]
[PlyCount "124"]

1.e4 e6 2.d4 d5 3.Nc3 Bb4 4.exd5 exd5 5.Bd3 Nc6 6.a3 Bxa3 7.bxa3 Nge7 8.
Qh5 g6 9.Qh4 Bf5 10.Rb1 Bxd3 11.cxd3 O-O 12.Nge2 b6 13.Ng3 Nc8 14.Qh6 Re8+
15.Be3 Nd6 16.O-O f6 17.Qf4 Kg7 18.h4 Qd7 19.h5 Rh8 20.Rfe1 Rae8 21.Bd2 
Ne7 22.Qf3 c6 23.a4 Nef5 24.Qg4 Kf7 25.Rec1 Rd8 26.Nf1 Ng7 27.Qxd7+ Rxd7 
28.hxg6+ hxg6 29.f3 Ne6 30.Ng3 c5 31.Be3 c4 32.Rd1 Rc7 33.Nge2 cxd3 34.
Rxd3 g5 35.Rdd1 Ng7 36.Kf2 Kg6 37.Bc1 Nc4 38.Rb5 Rd7 39.Re1 Nf5 40.Ng1 Kf7
41.Nh3 Re8 42.Rxe8 Kxe8 43.g4 Rh7 44.gxf5 Rxh3 45.Kg2 g4 46.fxg4 Rxc3 47.
Bf4 Ra3 48.Rxd5 Rxa4 49.Rb5 a5 50.Kf3 Kd7 51.Rb1 Rb4 52.Re1 Rb3+ 53.Ke4 b5
54.Kd5 Rf3 55.Bb8 a4 56.Rh1 a3 57.Rh7+ Kc8 58.Bc7 Rc3 59.Kc6 Ne3+ 60.Kd6 
a2 61.Rh1 Rxc7 62.Ra1 Ra7 0-1

[Event "5th American Continental"]
[Site "Sao Paulo BRA"]
[Date "2009.07.28"]
[Round "5.28"]
[White "Sanchez Castillo, Sarai"]
[Black "Uribe Bedoya, Mauricio"]
[Result "1/2-1/2"]
[WhiteElo "2202"]
[BlackElo "2413"]
[EventDate "2009.07.25"]
[PlyCount "92"]

1.e4 c5 2.Nf3 Nc6 3.Nc3 Nf6 4.Bc4 e6 5.d4 cxd4 6.Nxd4 Bb4 7.O-O O-O 8.Nxc6
dxc6 9.e5 Bxc3 10.bxc3 Qxd1 11.Rxd1 Nd5 12.Rd3 Nb6 13.Bb3 c5 14.c4 Bd7 15.
a4 Bc6 16.a5 Nd7 17.Bb2 Rfd8 18.Rad1 Kf8 19.Rd6 Rac8 20.Ba3 Ke8 21.f4 b6 
22.axb6 axb6 23.Bb2 Nb8 24.Ra1 Rc7 25.Ba4 Bxa4 26.Rxa4 Rb7 27.Rd3 Nc6 28.
Bc3 Rxd3 29.cxd3 Rd7 30.Ra8+ Ke7 31.Be1 Rxd3 32.Bh4+ f6 33.Rc8 Kd7 34.exf6
gxf6 35.Rh8 e5 36.Rxh7+ Ke6 37.Rh6 e4 38.Rxf6+ Kd7 39.g4 Nd4 40.Bg3 e3 41.
Rxb6 Rd2 42.Rb7+ Ke6 43.f5+ Kf6 44.Rb6+ Kf7 45.Rb7+ Kf6 46.Rb6+ Kf7 
1/2-1/2

[Event "5th American Continental"]
[Site "Sao Paulo BRA"]
[Date "2009.07.28"]
[Round "5.29"]
[White "Perdomo, Leandro"]
[Black "Aguilar, Andres"]
[Result "1-0"]
[WhiteElo "2409"]
[BlackElo "2191"]
[EventDate "2009.07.25"]
[PlyCount "101"]

1.d4 Nf6 2.c4 e6 3.Nc3 d5 4.Bg5 Nbd7 5.e3 c6 6.cxd5 exd5 7.Bd3 Be7 8.Qc2 
O-O 9.Nf3 Re8 10.O-O g6 11.h3 Nh5 12.Bxe7 Qxe7 13.Rfe1 Ndf6 14.Ne5 Ng7 15.
Rab1 Bf5 16.b4 a6 17.a4 Bxd3 18.Nxd3 Ne4 19.b5 axb5 20.axb5 Rac8 21.Rec1 
Nd6 22.bxc6 bxc6 23.Na4 Ngf5 24.Nb6 Rcd8 25.Qxc6 Qg5 26.Nxd5 Ne4 27.N5f4 
Nh4 28.Rb5 Nf3+ 29.Kh1 Qg3 30.gxf3 Nxf2+ 31.Nxf2 Rxe3 32.Qf6 Rde8 33.Re5 
Qxf2 34.Rxe8+ Rxe8 35.Ng2 Qd2 36.Qf4 Re2 37.Qxd2 Rxd2 38.Rc4 Rd3 39.Nh4 
Rd2 40.Kg1 Kg7 41.Ng2 Kf6 42.h4 Ke6 43.Ne3 Kd6 44.Ra4 Re2 45.Ra6+ Kd7 46.
Ng4 Rd2 47.Ne5+ Ke8 48.Ra8+ Ke7 49.Ra7+ Ke6 50.Nxf7 Kf5 51.Nd6+ 1-0

[Event "5th American Continental"]
[Site "Sao Paulo BRA"]
[Date "2009.07.28"]
[Round "5.31"]
[White "Quintiliano Pinto, Renato Rodrigues"]
[Black "Mosquera Klinger, Miguel"]
[Result "0-1"]
[WhiteElo "2059"]
[BlackElo "2393"]
[EventDate "2009.07.25"]
[PlyCount "62"]

1.e4 c5 2.Nf3 d6 3.d4 cxd4 4.Nxd4 Nf6 5.Nc3 a6 6.Be3 e5 7.Nb3 Be6 8.f3 
Nbd7 9.Qd2 b5 10.g4 b4 11.Nd5 Bxd5 12.exd5 Nb6 13.Bxb6 Qxb6 14.O-O-O Be7 
15.Kb1 O-O 16.h4 a5 17.h5 a4 18.Nc1 h6 19.Bc4 Rfc8 20.Qe2 Ra5 21.b3 Qb7 
22.Rhe1 Nxd5 23.Rxd5 Rxd5 24.Qe4 Rb5 25.Bxb5 Qxb5 26.Nd3 axb3 27.axb3 d5 
28.Qxe5 Bf6 29.Qf5 Ra8 30.Nb2 Qc6 31.Na4 Qc3 0-1

[Event "5th American Continental"]
[Site "Sao Paulo BRA"]
[Date "2009.07.28"]
[Round "5.32"]
[White "Shumyatsky, Victor"]
[Black "Van Riemsdijk, Herman Claudius"]
[Result "0-1"]
[WhiteElo "2175"]
[BlackElo "2380"]
[EventDate "2009.07.25"]
[PlyCount "116"]

1.e4 e5 2.d4 exd4 3.Qxd4 Nc6 4.Qe3 Nf6 5.Nc3 Bb4 6.Bd2 O-O 7.O-O-O Re8 8.
Qg3 Nxe4 9.Nxe4 Rxe4 10.c3 Be7 11.Bd3 Bh4 12.Qf3 Re8 13.Qh5 g6 14.Qh6 Ne5 
15.Be2 d5 16.Nf3 Ng4 17.Qxh4 Qxh4 18.Nxh4 Rxe2 19.Rhe1 Rxe1 20.Rxe1 Be6 
21.f3 Nf6 22.g4 Re8 23.Ng2 Bd7 24.Rxe8+ Nxe8 25.Bf4 Bc6 26.Ne1 f6 27.Nc2 
Kf7 28.Nd4 Bd7 29.Kd2 Ke7 30.h4 Nd6 31.b3 c5 32.Ne2 Bb5 33.Ng3 a5 34.Be3 
b6 35.Bf4 Kd7 36.Ke3 Ba6 37.g5 fxg5 38.hxg5 b5 39.Bxd6 Kxd6 40.a3 Bc8 41.
f4 Bf5 42.Ne2 Bc2 43.b4 a4 44.Kd2 Bf5 45.Kc1 Bd3 46.Ng3 Kc6 47.Kd2 Bb1 48.
Ne2 Bf5 49.Ng3 d4 50.Ne2 Bg4 51.Ng3 cxb4 52.cxb4 Kd5 53.Kd3 Bf5+ 54.Kd2 
Kc4 55.Ne2 Be4 56.Ng3 Bb1 57.Ne2 Bf5 58.Nc1 d3 0-1

[Event "5th American Continental"]
[Site "Sao Paulo BRA"]
[Date "2009.07.28"]
[Round "5.33"]
[White "Cordoba Ramirez, Carlos"]
[Black "Liascovich, Lucas"]
[Result "0-1"]
[WhiteElo "2268"]
[BlackElo "2444"]
[EventDate "2009.07.25"]
[PlyCount "72"]

1.d4 d6 2.c4 e5 3.Nf3 e4 4.Ng5 f5 5.Nc3 Be7 6.Nh3 Nf6 7.g3 O-O 8.Bg2 c6 9.
d5 Nbd7 10.O-O Ne5 11.b3 h6 12.Bb2 g5 13.f3 Nxc4 14.bxc4 Qb6+ 15.Nf2 Qxb2 
16.Rc1 Qb6 17.dxc6 bxc6 18.c5 dxc5 19.fxe4 c4 20.Kh1 fxe4 21.Qc2 Ba6 22.
Nfxe4 Kg7 23.Nxf6 Bxf6 24.Qe4 Rac8 25.Na4 Qb5 26.Qc2 Qe5 27.e4 h5 28.Qe2 
h4 29.g4 Be7 30.Nc3 Rxf1+ 31.Bxf1 Rf8 32.Rc2 Bc5 33.Qg2 Bc8 34.a4 Bxg4 35.
Qxg4 Rxf1+ 36.Kg2 Rg1+ 0-1